All Lindsey Stirling Songs (Studio Albums or Singles) - Statistics

General Stats
  • This quiz has been taken 15 times
    13 since last reset
  • The average score is 85 of 154
Answer Stats
Answer % Correct
Artemis
100%
Brave Enough (feat. Christina Perri)
100%
Carol of the Bells
100%
Carol of the Bells (Live from Summer Tour 2023
100%
Shatter Me (acoustic version)
100%
Shatter Me (feat. Lzzy Hale)
100%
Snow Waltz
100%
Warmer in the Winter (feat. Trombone Shorty)
100%
Ascendance
80%
Aurora
80%
Between Twilight
80%
Beyond the Veil
80%
Christmas C'mon (feat. Becky G)
80%
Crystallize
80%
Crystallize Mashup (Remix by Wild Children)
80%
Crystallize (orchestral version)
80%
Darkside
80%
Don't Let This Feeling Fade (feat. Rivers Cuomo and Lecrae)
80%
Electric Daisy Violin
80%
Elements
80%
Elements (orchestral version)
80%
Evil Twin
80%
Eye of the Untold Her
80%
Gavi's Song
80%
Guardian
80%
Ice Storm
80%
Kintsugi
80%
Lose You Now (Acoustic, with Mako)
80%
Lose You Now (with Mako)
80%
Lost Girls
80%
Love Goes On and On (feat. Amy Lee)
80%
Masquerade
80%
Master of Tides
80%
Mirage (feat.Raja Kumari)
80%
Moon Trance
80%
Prism
80%
Roundtable Rival
80%
Shadows
80%
Sleepwalking
80%
Something Wild (Acoustic)
80%
Something Wild (feat. Andrew McMahon)
80%
Song of the Caged Bird
80%
Spontaneous Me
80%
Stars Align
80%
Swag
80%
Take Flight
80%
Take Flight (orchestral version)
80%
The Arena
80%
The Upside
80%
The Upside (feat. Elle King)
80%
Those Days (feat. Dan + Shay)
80%
Til the Light Goes Out
80%
Transcendence
80%
Transcendence (orchestral version)
80%
Underground
80%
V-Pop
80%
Where Do We Go (feat. Carah Faye)
80%
Zi-Zi's Journey
80%
All of Me (with John Legend)
60%
Angels We Have Heard on High
60%
Crazy for Christmas (feat. Bonnie McKee)
60%
Dance of the Sugar Plum Fairy
60%
Feliz Navidad
60%
Firefly Alley
60%
First Light
60%
Foreverglow
60%
Hallelujah
60%
Heist
60%
Hold My Heart (feat.ZZ Ward)
60%
Inner Gold (feat. Royal & The Serpent)
60%
I Saw Three Ships
60%
It Ain't Me (feat. Kurt Hugo Schneider)
60%
I Wonder As I Wander
60%
Jingle Bell Rock
60%
Joy to the World
60%
Joy to the World (Intro)
60%
Little Drummer Boy
60%
Love's Just a Feeling (feat. Rooty)
60%
Mirror Haus
60%
O Come, Emmanuel
60%
O Come, O Come Emmanuel
60%
O Holy Night
60%
Phantom of the Opera Medley
60%
Pokemon Theme (with Kurt Hugo Schneider)
60%
Sleigh Ride
60%
Surrender
60%
Torch Bringer
60%
We Are Giants (feat. Dia Frampton)
60%
You're a Mean One, Mr. Grinch (feat. Sabrina Carpenter)
60%
Afterglow
40%
All I Want for Christmas
40%
Anti Gravity
40%
Dream Weaver
40%
Eclipse
40%
Embers
40%
Forgotten Voyage
40%
God Rest Ye Merry Gentlemen
40%
Halo Theme Song (with William Joseph)
40%
Heavy Weight (Beat Saber)
40%
Hi-Lo (with Evanescence)
40%
Kashmir
40%
Let It Snow
40%
Long Way Home (with Walk off the Earth)
40%
Magic (feat. David Archuleta)
40%
Manger / Noel (Medley)
40%
Minimal Beat
40%
My Immortal
40%
Night Vision
40%
Powerlines
40%
Purpose
40%
Radioactive (with Pentatonix)
40%
Santa Baby
40%
Senbonzakura (Kurousa-P cover)
40%
Serenity Found
40%
Silent Night
40%
Starships (with Megan Nicole)
40%
Sun Skip
40%
Survive (feat. Walk off the Earth)
40%
The Phoenix
40%
The Scarlet Queen
40%
Time to Fall in Love (feat. Alex Gaskarth)
40%
Unfolding (feat. Rachel Platten)
40%
Untamed
40%
Waltz
40%
We Three Gentlemen (Medley)
40%
We Wish You A Merry Christmas
40%
What Child Is This
40%
What Child Is This (with Darius Rucker)
40%
Activate
20%
Christmas Time with You (feat. Frawley)
20%
Deck the Halls
20%
Dreidel (Medley)
20%
Home For The Holidays
20%
La Fees
20%
Main Title From Home Alone (Somewhere In My Memory)
20%
Mary, Did You Know?
20%
Mission Impossible (with The Piano Guys)
20%
Papaoutai (with Pentatonix)
20%
Party Rock Anthem (with Jake Bruene and Kurt Hugo Schneider)
20%
Stampede (with Alexander Jean)
20%
Thrift Shop (with Tyler Ward)
20%
What You're Made Of (feat, Kiesza)
20%
Yuletide Regale
20%
7 Years (Acoustic)
0%
By No Means (with Epps the Poet)
0%
Come With Us (feat. Can't Stop Won't Stop)
0%
Conversations in the Dark (with John Legend)
0%
Daylight (with Tyler Ward and Chester See)
0%
Deeper (with Valerie Broussard)
0%
Dying For You (feat. Alex Aris)
0%
Grateful (with Jewel)
0%
I Knew You Were Trouble (with Tyler Ward and Chester See)
0%
No Saving Me (with Philmon Lee)
0%
Some Kind Of Beautiful (with Tyler Ward)
0%
No matching quizzes found
Score Distribution
Percent of People with Each Score
Percentile by Number Answered
Your Score History
You have not taken this quiz since the last reset